| 000 | 00542nam a22001577a 4500 | ||
|---|---|---|---|
| 003 | ASAB | ||
| 005 | 20180827062838.0 | ||
| 008 | 180511t xxu||||| |||| 00| 0 eng d | ||
| 040 | _cASAB | ||
| 100 |
_aAIsha Nasir Hashmi-sup-Dr. Touqeer Ahmed _93899 |
||
| 245 |
_aTH-MS-Pharmacological Role of Iburprofen in AICI3- induced Mouse Model of Alzheimer's Disease _cAIsha Nasir Hashmi-sup-Dr. Touqeer Ahmed |
||
| 260 |
_aIslamabad _bASAB (NCVI) _c2013 |
||
| 300 |
_axv, 113 P _b30 cm |
||
| 630 |
_aVirology and Immunology _93900 |
||
| 942 |
_2ddc _cTH |
||
| 999 |
_c480850 _d480850 |
||